| 000 | 01153aam a2200337 i 4500 | ||
|---|---|---|---|
| 999 |
_c176366 _d176366 |
||
| 001 | vtls000878326 | ||
| 003 | PNM | ||
| 005 | 20200210113730.0 | ||
| 008 | 190530t20172017my e 000 0 may d | ||
| 020 |
_a9789672020073 _qpaperback _cRM25.00 |
||
| 039 | 9 |
_a201910031536 _bfadzli _c201909251046 _dmasliza _c201909251031 _dmasliza |
|
| 040 |
_aPNM _beng _cPNM _erda _dPPAK |
||
| 082 | 0 | 4 |
_a808.882 _223 |
| 090 | 2 | 0 |
_a808.882 _bHAR _dG |
| 100 | 0 |
_aHarsida Jasmin, _d1989- _eauthor. |
|
| 245 | 1 | 0 |
_aHENSHIN ENDEAVOUR / _cHARSIDA JASMIN ; Editor, Aizuddin Hamid |
| 264 | 1 |
_aShah Alam, Selangor : _bInspirasee International Sdn. Bhd., _c2017 |
|
| 264 | 4 | _c©2017 | |
| 300 |
_a187 pages : _billustrations ; _c23 cm |
||
| 336 |
_atext _2rdacontent |
||
| 337 |
_aunmediated _2rdamedia |
||
| 338 |
_avolume _2rdacarrier |
||
| 600 | 0 | 4 |
_aHarsida Jasmin, _d1989- _vAnecdotes |
| 650 | 1 | 0 | _aAnecdotes |
| 650 | 2 | 0 |
_aMotivation (Psychology) _xReligious aspects _xIslam |
| 650 | 2 | 0 |
_aSelf-actualization (Psychology) _xReligious aspects _xIslam |
| 700 | 0 |
_aAizuddin Hamid, _eeditor. |
|
| 942 |
_2ddc _cB |
||
| 949 |
_61001397618 _e2609279 |
||
| 949 |
_61001397619 _e2609280 |
||